000 00807nam a22002297a 4500
005 20170124103221.0
010 _aA-536736
020 _c00.00
035 _aA-536736
037 _bCen Lib/Ret
040 _aDPL
_bHN
082 _a000
_bआईए
100 _aआई. ए.
_9101511
245 _aभूगोल /
_cआई. ए.
246 _aBhugol
_bby I.A.
300 _a225पृष्ठ.
_c22सेमी(सजिल्द)
650 _aप्रतियोगी परीक्षा - भूगोल
_982925
650 _aप्रतियोगी परीक्षा टेस्ट बुक
_986232
650 _aCompetitive Examination - Geography
_9101512
650 _aCompetitive Examination Test book
_9101513
942 _2ddc
_cHN
_h000
_mआई.ए.
999 _c121876
_d121876